00298nam a2200121Ia 4500008004100000041000800041082001200049100001700061245002000078260003500098300003200133365001100165240624s9999 xx 000 0 und d aeng a823 DEF aDEFOE DANIEL aROBINSON CRUSOE c2010aNew DelhibHarperCollins aviii, : 290 : p. : cm. ; 18 cRSb25